Statistics for Countries in 2 minutes

Click here to take the quiz!

General Stats

  • This quiz has been taken 904 times
  • The average score is 36 of 196

Answers on the Map

Answers color-coded by a green-red scale on the quiz's map according to % correct below.
 

Answer Stats

Country% Correct
United States
83%
Canada
75%
Russia
75%
United Kingdom
74%
China
72%
France
69%
Mexico
66%
Brazil
65%
India
62%
Spain
59%
Australia
57%
Japan
55%
Italy
54%
Germany
51%
Argentina
49%
Portugal
47%
Sweden
47%
Finland
46%
Iceland
44%
Norway
43%
Denmark
42%
Ireland
40%
Chile
39%
Egypt
38%
Peru
38%
South Korea
37%
South Africa
34%
Iran
33%
North Korea
33%
Poland
33%
Iraq
32%
Turkey
32%
Ukraine
32%
Pakistan
31%
Cuba
30%
Indonesia
29%
Mongolia
29%
New Zealand
28%
Niger
27%
Bolivia
26%
Colombia
26%
Thailand
26%
Algeria
25%
Belgium
25%
Greece
25%
Morocco
25%
Saudi Arabia
25%
United Arab Emirates
25%
Austria
24%
Vietnam
24%
Netherlands
23%
Sudan
23%
Venezuela
23%
Oman
22%
Panama
22%
Chad
21%
Switzerland
21%
Uruguay
21%
Democratic Republic
of the Congo
20%
Madagascar
20%
Paraguay
20%
Yemen
20%
Israel
19%
Nigeria
19%
Romania
19%
Belarus
18%
Ecuador
18%
Hungary
18%
Latvia
18%
Nepal
18%
Croatia
17%
Dominican Republic
17%
Estonia
17%
Malaysia
17%
Qatar
17%
Albania
16%
Fiji
16%
Haiti
16%
Jamaica
16%
Kenya
16%
Lithuania
16%
Mali
16%
Bulgaria
15%
Ghana
15%
Kazakhstan
15%
Laos
15%
Libya
15%
Philippines
15%
Republic of the Congo
15%
Serbia
15%
Syria
15%
Dominica
14%
Ethiopia
14%
Jordan
14%
Afghanistan
13%
Bangladesh
13%
Costa Rica
13%
Myanmar
13%
Singapore
13%
Slovakia
13%
Somalia
13%
South Sudan
13%
Sri Lanka
13%
Suriname
13%
Taiwan
13%
Tunisia
13%
Belize
12%
Bhutan
12%
Cambodia
12%
Guyana
12%
Honduras
12%
Bahamas
11%
Bosnia and
Herzegovina
11%
Czech Republic
11%
Guatemala
11%
Lebanon
11%
Vatican City
11%
Angola
10%
Slovenia
10%
Andorra
9%
Central African Republic
9%
Kuwait
9%
Malta
9%
Moldova
9%
Nicaragua
9%
Togo
9%
Uzbekistan
9%
Bahrain
8%
Benin
8%
Brunei
8%
El Salvador
8%
Kosovo
8%
Luxembourg
8%
Monaco
8%
North Macedonia
8%
Papua New Guinea
8%
San Marino
8%
Senegal
8%
Uganda
8%
Zambia
8%
Zimbabwe
8%
Azerbaijan
7%
Barbados
7%
Cyprus
7%
Maldives
7%
Montenegro
7%
Saint Kitts and Nevis
7%
Tanzania
7%
Tonga
7%
Tuvalu
7%
Antigua and Barbuda
6%
Armenia
6%
Botswana
6%
Cameroon
6%
Eritrea
6%
Gabon
6%
Georgia
6%
Grenada
6%
Lesotho
6%
Namibia
6%
Palau
6%
Saint Lucia
6%
Saint Vincent and the
Grenadines
6%
Trinidad and Tobago
6%
Gambia
5%
Guinea
5%
Kiribati
5%
Kyrgyzstan
5%
Liberia
5%
Liechtenstein
5%
Mauritania
5%
Nauru
5%
Samoa
5%
Tajikistan
5%
Turkmenistan
5%
Vanuatu
5%
Djibouti
4%
Eswatini
4%
Federated States of
Micronesia
4%
Ivory Coast
4%
Malawi
4%
Mozambique
4%
Rwanda
4%
Burkina Faso
3%
Burundi
3%
Cape Verde
3%
Comoros
3%
East Timor
3%
Guinea-Bissau
3%
Mauritius
3%
Seychelles
3%
Sierra Leone
3%
Solomon Islands
3%
Equatorial Guinea
2%
Marshall Islands
2%
São Tomé and Príncipe
2%

Score Distribution

Percentile by Number Answered

Percent of People with Each Score

Your Score History

You have not taken this quiz